Southville International School and Colleges
Your cart is empty.
  • Cart
  • Lists
    Public lists Eva Luna New books Lux_list list_1
    Your lists Log in to create your own lists
  • Log in to your account
  • Your cookies
  • Search history
Southville International School and Colleges
  • Advanced search
  • Recent comments
  • Most popular
  • Libraries

Log in to your account

Log in with GOOGLE


If you do not have an external account, but do have a local account, you can still log in:

  1. Home
  2. MARC view: Full house :
Normal view MARC view ISBD view

Full house : (Record no. 8073)

[ view plain ]
MARC details
000 -LEADER
fixed length control field 01510cam a22003855a 4500
001 - CONTROL NUMBER
control field 16940898
003 - CONTROL NUMBER IDENTIFIER
control field OSt
005 - DATE AND TIME OF LATEST TRANSACTION
control field 20140310182007.0
008 - FIXED-LENGTH DATA ELEMENTS--GENERAL INFORMATION
fixed length control field 110830s1991 nyu j 000 1 eng d
010 ## - LIBRARY OF CONGRESS CONTROL NUMBER
LC control number 2011489093
020 ## - INTERNATIONAL STANDARD BOOK NUMBER
International Standard Book Number 0440405963 (pbk.)
020 ## - INTERNATIONAL STANDARD BOOK NUMBER
International Standard Book Number 9780440405962 (pbk.)
035 ## - SYSTEM CONTROL NUMBER
System control number (OCoLC)ocm24789419
040 ## - CATALOGING SOURCE
Original cataloging agency COQ
Transcribing agency COQ
Modifying agency OCL
-- OCLCQ
-- BTCTA
-- LPU
-- DLC
042 ## - AUTHENTICATION CODE
Authentication code lccopycat
050 ## - LIBRARY OF CONGRESS CALL NUMBER
Classification number PS 3576
Item number .W932 1991
082 ## - DEWEY DECIMAL CLASSIFICATION NUMBER
Classification number KF
Item number W89f 1991
100 1# - MAIN ENTRY--PERSONAL NAME
Personal name Worth, Bonnie.
9 (RLIN) 5602
245 10 - TITLE STATEMENT
Title Full house :
Remainder of title way to go, chipmunk cheeks /
Statement of responsibility, etc Bonnie Worth.
260 ## - PUBLICATION, DISTRIBUTION, ETC. (IMPRINT)
Place of publication, distribution, etc New York, N.Y. :
Name of publisher, distributor, etc Dell,
Date of publication, distribution, etc c1991.
300 ## - PHYSICAL DESCRIPTION
Extent 92 p. ;
Dimensions 20 cm.
500 ## - GENERAL NOTE
General note "Based on the series Full house created by Jeff Franklin, and on episodes written by Jeff Franklin, Martie Cook, Marc Warren & Dennis Rinsler."
500 ## - GENERAL NOTE
General note "A Parachute Press book."
520 ## - SUMMARY, ETC.
Summary, etc D.J. has three weeks to become skinny as a model, Stephanie gets stuck taking Joey to a mother/daughter slumber party, and Michelle takes on a new personality.
541 ## - IMMEDIATE SOURCE OF ACQUISITION NOTE
-- 1
562 ## - COPY AND VERSION IDENTIFICATION NOTE
Number of copies For circulation. 1 copy available in the collection
650 #0 - SUBJECT ADDED ENTRY--TOPICAL TERM
Topical term or geographic name as entry element Family
Form subdivision Juvenile fiction.
9 (RLIN) 5603
700 1# - ADDED ENTRY--PERSONAL NAME
Personal name Franklin, Jeff.
9 (RLIN) 5604
710 2# - ADDED ENTRY--CORPORATE NAME
Corporate name or jurisdiction name as entry element Copyright Paperback Collection (Library of Congress)
Institution to which field applies DLC
9 (RLIN) 705
730 0# - ADDED ENTRY--UNIFORM TITLE
Uniform title Full house (Television program)
9 (RLIN) 4109
740 0# - ADDED ENTRY--UNCONTROLLED RELATED/ANALYTICAL TITLE
Uncontrolled related/analytical title Way to go, chipmunk cheeks.
906 ## - LOCAL DATA ELEMENT F, LDF (RLIN)
a 0
b ibc
c copycat
d 2
e ncip
f 20
g y-genrareb
942 ## - ADDED ENTRY ELEMENTS (KOHA)
Source of classification or shelving scheme Library of Congress Classification
Koha item type
Call number prefix
Holdings
Withdrawn status Lost status Source of classification or shelving scheme Damaged status Home library Current library Shelving location Date acquired Total Checkouts Full call number Barcode Date last seen Copy number Price effective from Koha item type
    Library of Congress Classification   Luxembourg Library Luxembourg Library Kids Fiction Section 07/29/2013   PS 3576 .W932 1991 10837 08/13/2013 1 07/29/2013 Books

Full house :

APA

Worth B., Franklin J. & Copyright Paperback Collection (Library of Congress). (1991). Full house. New York, N.Y: Dell.

Chicago

Worth Bonnie, Franklin Jeff and Copyright Paperback Collection (Library of Congress). 1991. Full house. New York, N.Y: Dell.

Harvard

Worth B., Franklin J. and Copyright Paperback Collection (Library of Congress). (1991). Full house. New York, N.Y: Dell.

MLA

Worth Bonnie, Franklin Jeff and Copyright Paperback Collection (Library of Congress). Full house. New York, N.Y: Dell. 1991.

  • Place hold
  • Print
  • Cite
  • Add to your cart (remove)
  • Save record
    BIBTEX Dublin Core MARCXML MARC (non-Unicode/MARC-8) MARC (Unicode/UTF-8) MARC (Unicode/UTF-8, Standard) MODS (XML) RIS
  • More searches
    Search for this title in:
    Other Libraries (WorldCat) Other Databases (Google Scholar) Online Stores (Bookfinder.com) Open Library (openlibrary.org)

Exporting to Dublin Core...

SOUTHVILLE LIBRARY

Southville International School and Colleges Library

1281 Tropical Ave. Cor. Luxembourg St., BF Homes International, Las Pinas City

Tel. No. 8256374 / 252358 Loc. 117/146

Powered by Koha